000 00636cam a2200193 a 4500
001 sa 68009514
003 DLC
005 20260227112543.0
008 940725m19659999ii ab 000 0 hino
010 _asa 68009514 //r96
040 _aDLC
_cDLC
_dDLC
050 0 0 _aDS485.U63
_bD3
100 1 _aḌabarāla, Śivaprasāda.
245 1 0 _aUttarākhaṇda kā itihāsa /
_clekhaka Sivaprasāda Ḍabarāla 'Caraṇa'
260 _aDogaḍā, Gaṛhavāla :
_bVīra-Gāthā-Prakāśana,
_c1965-<1994 >
300 _av. <1-7, 9-13, 17 > :
_bill., maps ;
_c18-24 cm.
546 _aIn Hindi
651 0 _aUttar Pradesh (India)
_xAntiquities.
999 _c82952
_d82952